Sports Quiz

Random Sports Quiz

Les 20 recrues les plus chères de l'histoire de l'OM Quiz Stats

 Plays Quiz not verified by Sporcle

Support Sporcle.
Go Orange.
Score 0/20 Timer 10:00
4 Plays Today
Montant Joueur % Correct
30 M€ (2017)Dimitri Payet
96.8%
25M€ (2018)Kevin Strootman
88.6%
12M€ (2013)Florian Thauvin
85.3%
11M€ (2017)Florian Thauvin
85.3%
9M€ (2007, 2008 et 2017)Djibril Cissé, Bakari Koné et Morgan Sanson
76.2%
19M€ (2009)Lucho Gonzalez
70.7%
14M€ (2019)Dario Benedetto
68.3%
19M€ (2018)Duje Caleta-Car
60.9%
16M€ (2010)André-Pierre Gignac
59.7%
15M€ (2017)Kostantinos Mitroglou
59%
Montant Joueur % Correct
13M€ (2019)Valentin Rongier
57.2%
10M€ (2018)Jordan Amavi
46.3%
12M€ (2008)Hatem Ben Arfa
43%
12M€ (2018)Nemanja Radonjic
42%
10M€ (2017)Luiz Gustavo
41.3%
15,5M€ (2010)Loïc Rémy
37.1%
12M€ (2009)Stéphane Mbia
28.1%
10M€ (2004)Peguy Luyindula
15.4%
11,5M€ (2001)Daniel Van Buyten
13.5%
10,5M€ (1999)Stéphane Dalmat
11%

You're not logged in!

Compare scores with friends on all Sporcle quizzes.
OR
Log In

From the Vault

Even More Similar Song Titles

by JoeBeta

This well be fun. Don't believe me? Just watch.
Remove Ads.
Support Sporcle.
Get the best of Sporcle when you Go Orange. This ad-free experience offers more features, more stats, and more fun while also helping to support Sporcle. Thank you for becoming a member.

Show Comments

Extras

Created May 18, 2020ReportNominate
Tags:les, plu

Top Quizzes Today


Score Distribution

Your Account Isn't Verified!

In order to create a playlist on Sporcle, you need to verify the email address you used during registration. Go to your Sporcle Settings to finish the process.

Report this User

Report this user for behavior that violates our Community Guidelines.

Details: